[Event "Florianopolis op-B 04"]
[Site "Florianopolis"]
[Date "2023.05.01"]
[Round "6"]
[White "Paganella, Arthur Leonel"]
[Black "Carvalho, Kayle Fabricio Amor"]
[Result "0-1"]
[WhiteElo "1800"]
[BlackElo "1420"]
[PlyCount "48"]
[EventDate "2023.04.28"]
[EventType "swiss"]
[EventRounds "6"]
[EventCountry "BRA"]
[SourceTitle "CBM 214 Extra"]
[Source "ChessBase"]
[SourceDate "2023.07.31"]
[SourceVersion "1"]
[SourceVersionDate "2023.07.31"]
[SourceQuality "1"]

1. e4 e5 2. Nf3 Nc6 3. Bc4 Bc5 4. c3 Nf6 5. d3 d6 6. b4 Bb6 7. a4 a6 8. 0-0 Be6 9. Bxe6 fxe6 10. Be3 Bxe3 11. fxe3 0-0 12. Qb3 Qe7 13. Nbd2 h6 14. b5 Na5 15. Qb4 axb5 16. axb5 b6 17. Nxe5 Qe8 18. Nec4 Qh5 19. Nxa5 Ng4 20. Rxf8+ Rxf8 21. h3 Nxe3 22. Qb3 Qe2 23. Qxe6+ Kh7 24. Kh2 Qxg2# 0-1

[Event "Florianopolis op-B 04"]
[Site "Florianopolis"]
[Date "2023.04.30"]
[Round "5"]
[White "Paganella, Arthur Leonel"]
[Black "Schmitz, Henrique"]
[Result "1-0"]
[WhiteElo "1800"]
[BlackElo "1508"]
[PlyCount "79"]
[EventDate "2023.04.28"]
[EventType "swiss"]
[EventRounds "6"]
[EventCountry "BRA"]
[SourceTitle "CBM 214 Extra"]
[Source "ChessBase"]
[SourceDate "2023.07.31"]
[SourceVersion "1"]
[SourceVersionDate "2023.07.31"]
[SourceQuality "1"]

1. e4 c5 2. Nf3 d6 3. c3 Nc6 4. d4 cxd4 5. cxd4 Qb6 6. Nc3 g6 7. Nd5 Qd8 8. Bb5 Qa5+ 9. Bd2 Qd8 10. Rc1 Bd7 11. Qa4 e6 12. Bxc6 bxc6 13. Ne3 Nf6 14. e5 Nd5 15. Nxd5 cxd5 16. Qa6 Qb6 17. Qd3 Bb5 18. Qc2 Kd7 19. a4 Ba6 20. a5 Qb7 21. Ng5 Rc8 22. Qxc8+ Qxc8 23. Rxc8 Kxc8 24. Nxf7 Rg8 25. Nxd6+ Bxd6 26. exd6 Kd7 27. Bb4 Rb8 28. Ba3 Bc4 29. Kd2 Rb5 30. Re1 Rxa5 31. Bc5 a6 32. b4 Rb5 33. Ke3 Rb8 34. f4 Rf8 35. h4 h5 36. g4 Rh8 37. Kf3 Rc8 38. Re5 hxg4+ 39. Kxg4 Be2+ 40. Rxe2 1-0